Statistics for Movies By 1 Actor and 1 Actress - Morgan Freeman Edition

Click here to take the quiz!

General Stats

  • This quiz has been taken 11 times
  • The average score is 10 of 26

Answer Stats

CastMovie% Correct
Christian Bale, Katie HolmesBatman Begins
91%
Brad Pitt, Gwyneth PaltrowSeven
82%
Tim Robbins, Dorothy SilverThe Shawshank Redemption
82%
Jim Carrey, Jennifer AnistonBruce Almighty
73%
Jessica Tandy, Dan AykroydDriving Miss Daisy
73%
Hilary Swank, Clint EastwoodMillion Dollar Baby
73%
Bruce Willis, Helen MirrenRED
55%
Casey Affleck, Michelle MonaghanGone Baby Gone
45%
Kevin Costner, Mary Elizabeth MastrantonioRobin Hood: Prince of Thieves
45%
Denzel Washington, Jane AlexanderGlory
36%
Jesse Eisenberg, Isla FisherNow You See Me
36%
Jack Nicholson, Rowena KingThe Bucket List
36%
Chris Pratt, Elizabeth BanksThe Lego Movie
36%
Robert Duvall, Tea LeoniDeep Impact
27%
Clint Eastwood, Frances FisherUnforgiven
27%
James McAvoy, Angelina JolieWanted
27%
Djimon Hounsou, Anna PaquinAmistad
18%
Ryan Reynolds, Salma HayekHitman's Wife's Bodyguard
18%
Josh Hartnett, Lucy LiuLucky Number Slevin
18%
Sonequa Martin Green, Ed HarrisMy Dead Friend Zoe
18%
Dustin Hoffman, Rene RussoOutbreak
18%
Juliette Binoche, Frank GrilloParadise Highway
18%
Tom Hanks, Melanie GriffithThe Bonfire of the Vanities
18%
Johnny Depp, Rebecca HallTranscendence
18%
Jet Li, Kerry CondonUnleashed
18%
Ashley Judd, Kris KristoffersonDolphin Tale
9%

Score Distribution

Percentile by Number Answered

Percent of People with Each Score

Your Score History

You have not taken this quiz